[Event "Warsaw AIG Life rapid Gp3"]
[Site "Warsaw"]
[Date "2004.12.19"]
[Round "1"]
[White "Zhigalko, Sergei"]
[Black "Aleksandrov, Aleksej"]
[Result "0-1"]
[WhiteElo "2478"]
[BlackElo "2666"]
[PlyCount "120"]
[EventDate "2004.12.19"]
[EventType "tourn (rapid)"]
[EventRounds "6"]
[EventCountry "POL"]
[SourceTitle "CBM 103 Extra"]
[Source "ChessBase"]
[SourceDate "2005.01.01"]
[SourceVersion "1"]
[SourceVersionDate "2005.01.01"]
[SourceQuality "1"]

1. d4 Nf6 2. Nf3 e6 3. e3 c5 4. Be2 b6 5. O-O Be7 6. b3 O-O 7. Bb2 a5 8. c4 a4 9. bxa4 Bb7 10. Nc3 cxd4 11. exd4 d5 12. Ne5 dxc4 13. Bxc4 Nc6 14. Nb5 Nb4 15. Bb3 Nbd5 16. Rc1 Rc8 17. Rxc8 Qxc8 18. Qd2 Qa8 19. Rc1 Bb4 20. Qd1 Nf4 21. f3 N6d5 22. Nc7 Qd8 23. Nxd5 Bxd5 24. g3 Qg5 25. Kf2 Bxb3 26. axb3 Nd5 27. f4 Qe7 28. Nc6 Qd6 29. Nxb4 Qxb4 30. Qd3 h5 31. Rc4 Qd6 32. b4 Ra8 33. b5 h4 34. Ba3 Qd8 35. Qe4 Qf6 36. Bd6 Qh6 37. Kg2 Qh5 38. Qf3 h3+ 39. Kf2 Qf5 40. Be5 f6 41. Bd6 Qb1 42. g4 Rd8 43. Bc7 Rd7 44. Bb8 Rd8 45. f5 Qa2+ 46. Qe2 Qxe2+ 47. Kxe2 exf5 48. Bg3 fxg4 49. Rc6 f5 50. Be5 f4 51. Rg6 f3+ 52. Kf2 Rd7 53. Rxg4 Nc3 54. Kxf3 Nxa4 55. Rg6 Kh7 56. Rc6 Rd5 57. Rc7 Rxb5 58. Rxg7+ Kh6 59. Kg4 Rxe5 60. Ra7 Re4+ 0-1

[Event "Warsaw AIG Life rapid Gp3"]
[Site "Warsaw"]
[Date "2004.12.19"]
[Round "1"]
[White "Zhigalko, Sergei"]
[Black "Balogh, Csaba"]
[Result "0-1"]
[WhiteElo "2478"]
[BlackElo "2513"]
[PlyCount "170"]
[EventDate "2004.12.19"]
[EventType "tourn (rapid)"]
[EventRounds "6"]
[EventCountry "POL"]
[SourceTitle "CBM 103 Extra"]
[Source "ChessBase"]
[SourceDate "2005.01.01"]
[SourceVersion "1"]
[SourceVersionDate "2005.01.01"]
[SourceQuality "1"]

1. e4 c5 2. c3 d5 3. exd5 Qxd5 4. d4 Nf6 5. Nf3 e6 6. Be3 cxd4 7. cxd4 Bb4+ 8. Nc3 Bd7 9. Be2 Bb5 10. O-O Bxc3 11. bxc3 O-O 12. Rb1 Bxe2 13. Qxe2 Nbd7 14. c4 Qc6 15. Rfc1 Rac8 16. Bf4 b6 17. h3 Rfd8 18. Rb2 h6 19. Rbc2 Qe4 20. Qxe4 Nxe4 21. a4 Nb8 22. c5 bxc5 23. Bxb8 Rxb8 24. dxc5 Rdc8 25. Rc4 Nf6 26. c6 Nd5 27. Rc5 Kf8 28. Ne5 Ke7 29. a5 Rc7 30. a6 Rb6 31. Nf3 Rxa6 32. Nd4 Nb4 33. Rb5 Rb6 34. Ra5 a6 35. Rb1 Nxc6 36. Rxb6 Nxa5 37. Rxa6 Nc4 38. Nf3 g5 39. g3 Kf6 40. Kg2 Rd7 41. Rc6 Nd6 42. Nh2 h5 43. Nf3 Nf5 44. Ra6 Rc7 45. h4 gxh4 46. Nxh4 Nxh4+ 47. gxh4 Rc4 48. Kg3 Rg4+ 49. Kh3 Rd4 50. Ra5 e5 51. Ra7 Rd3+ 52. Kg2 Kg6 53. Rb7 f6 54. Ra7 Kf5 55. Ra6 Rd4 56. Kg3 Rg4+ 57. Kh3 Rf4 58. Kg3 Rg4+ 59. Kh3 Rf4 60. Kg3 Rc4 61. Rb6 Rc3+ 62. Kg2 Rc8 63. Ra6 Rg8+ 64. Kh3 Rg6 65. Ra4 Rg8 66. Ra6 Rg6 67. Ra4 Rg7 68. Ra6 Rg8 69. Rb6 Rg6 70. Rb4 e4 71. Rb5+ Kf4 72. Rxh5 f5 73. Kh2 Kg4 74. Rh8 Kf3 75. Rf8 f4 76. h5 Rg5 77. h6 Rh5+ 78. Kg1 Rxh6 79. Ra8 Rd6 80. Ra3+ e3 81. fxe3 fxe3 82. Ra8 Rd1+ 83. Kh2 e2 84. Rf8+ Kg4 85. Re8 e1=Q 0-1

[Event "Warsaw AIG Life rapid Gp3"]
[Site "Warsaw"]
[Date "2004.12.19"]
[Round "1"]
[White "Zhigalko, Sergei"]
[Black "Socko, Bartosz"]
[Result "0-1"]
[WhiteElo "2478"]
[BlackElo "2554"]
[PlyCount "68"]
[EventDate "2004.12.19"]
[EventType "tourn (rapid)"]
[EventRounds "6"]
[EventCountry "POL"]
[SourceTitle "CBM 103 Extra"]
[Source "ChessBase"]
[SourceDate "2005.01.01"]
[SourceVersion "1"]
[SourceVersionDate "2005.01.01"]
[SourceQuality "1"]

1. e4 e6 2. d4 d5 3. e5 c5 4. c3 Qb6 5. Nf3 Nc6 6. a3 Bd7 7. b4 cxb4 8. cxb4 Rc8 9. Bb2 Nge7 10. Nc3 Na5 11. Na4 Qc6 12. Nc5 Nc4 13. Bc1 Nf5 14. Bd3 Bxc5 15. dxc5 b6 16. cxb6 Nxe5 17. Bxf5 Qc3+ 18. Bd2 Nxf3+ 19. gxf3 Qe5+ 20. Be3 Qxf5 21. bxa7 O-O 22. Rg1 Rfe8 23. f4 e5 24. Rg5 Qe4 25. Rxe5 Rxe5 26. fxe5 Bg4 27. Rc1 Ra8 28. Qc2 Qf3 29. b5 d4 30. Bxd4 Rd8 31. Qc4 Qe4+ 32. Kd2 Rxd4+ 33. Qxd4 Qxd4+ 34. Ke1 Qxa7 0-1

[Event "Groningen op-A"]
[Site "Groningen"]
[Date "2004.12.22"]
[Round "2"]
[White "Vinke, Andreas"]
[Black "Zhigalko, Sergei"]
[Result "1-0"]
[WhiteElo "2199"]
[BlackElo "2478"]
[PlyCount "53"]
[EventDate "2004.12.21"]
[EventType "swiss"]
[EventRounds "9"]
[EventCountry "NED"]
[SourceTitle "CBM 104 Extra"]
[Source "ChessBase"]
[SourceDate "2005.03.01"]
[SourceVersion "1"]
[SourceVersionDate "2005.03.01"]
[SourceQuality "1"]

1. c4 e6 2. Nf3 d5 3. b3 Nf6 4. g3 Be7 5. Bg2 O-O 6. O-O b6 7. e3 Bb7 8. Bb2 Nbd7 9. Nc3 c5 10. Qe2 Rc8 11. Rac1 Qc7 12. cxd5 exd5 13. d4 Rfe8 14. Rfd1 Qb8 15. Ne5 Nf8 16. Ng4 cxd4 17. Rxd4 h5 18. Nxf6+ Bxf6 19. Rdd1 d4 20. Nd5 Bxd5 21. Bxd5 Rxc1 22. Rxc1 dxe3 23. Bxf6 gxf6 24. Qxh5 exf2+ 25. Kxf2 Re7 26. Rc4 Ne6 27. Rh4 1-0

[Event "Groningen op-A"]
[Site "Groningen"]
[Date "2004.12.23"]
[Round "3"]
[White "Zhigalko, Sergei"]
[Black "Costello, Colin"]
[Result "1-0"]
[WhiteElo "2478"]
[BlackElo "2067"]
[PlyCount "71"]
[EventDate "2004.12.21"]
[EventType "swiss"]
[EventRounds "9"]
[EventCountry "NED"]
[SourceTitle "CBM 104 Extra"]
[Source "ChessBase"]
[SourceDate "2005.03.01"]
[SourceVersion "1"]
[SourceVersionDate "2005.03.01"]
[SourceQuality "1"]

1. e4 e6 2. d4 d5 3. e5 c5 4. c3 Nc6 5. Nf3 Qb6 6. a3 a5 7. Bd3 Nge7 8. dxc5 Qc7 9. Bf4 Ng6 10. Bg3 Bxc5 11. Qe2 Bd7 12. h4 Nge7 13. a4 d4 14. Na3 dxc3 15. Nb5 Qb6 16. bxc3 Nd5 17. Rb1 Qd8 18. Ng5 Na7 19. Ne4 Nxb5 20. axb5 Be7 21. h5 Rc8 22. c4 Nb4 23. O-O Nxd3 24. Qxd3 O-O 25. h6 g6 26. Rfd1 Be8 27. Qf3 Qc7 28. c5 Rd8 29. Rxd8 Bxd8 30. c6 Qb6 31. Nf6+ Kh8 32. Nxe8 Rxe8 33. Qxf7 Rg8 34. Rd1 Qc5 35. cxb7 Qc2 36. Rf1 1-0

[Event "Groningen op-A"]
[Site "Groningen"]
[Date "2004.12.26"]
[Round "5"]
[White "Van Ketel, Raoul"]
[Black "Zhigalko, Sergei"]
[Result "1/2-1/2"]
[WhiteElo "2226"]
[BlackElo "2478"]
[PlyCount "83"]
[EventDate "2004.12.21"]
[EventType "swiss"]
[EventRounds "9"]
[EventCountry "NED"]
[SourceTitle "CBM 104 Extra"]
[Source "ChessBase"]
[SourceDate "2005.03.01"]
[SourceVersion "1"]
[SourceVersionDate "2005.03.01"]
[SourceQuality "1"]

1. d4 d5 2. c4 e6 3. Nc3 c6 4. e4 dxe4 5. Nxe4 Bb4+ 6. Bd2 Qxd4 7. Bxb4 Qxe4+ 8. Ne2 Na6 9. Bf8 Ne7 10. Bxg7 Rg8 11. Bc3 e5 12. Qd6 Ng6 13. Rd1 Be6 14. b3 h5 15. h4 Rc8 16. f3 Qe3 17. Qd2 Qxd2+ 18. Rxd2 f6 19. Ng3 Nf4 20. Ne4 Ke7 21. g3 Ng6 22. Bd3 Nh8 23. Kf2 Nf7 24. Rhd1 Rcd8 25. b4 f5 26. Ng5 Nxg5 27. hxg5 Rxg5 28. c5 f4 29. gxf4 exf4 30. Bxa6 Rxd2+ 31. Bxd2 bxa6 32. Bxf4 Rf5 33. Bd6+ Kf7 34. f4 Rd5 35. Rxd5 cxd5 36. Bb8 d4 37. a4 h4 38. Bxa7 d3 39. c6 Bb3 40. c7 Be6 41. Ke1 Ke8 42. Kd2 1/2-1/2

[Event "Groningen op-A"]
[Site "Groningen"]
[Date "2004.12.27"]
[Round "6"]
[White "Rietman, Frits"]
[Black "Zhigalko, Sergei"]
[Result "0-1"]
[WhiteElo "2201"]
[BlackElo "2478"]
[PlyCount "86"]
[EventDate "2004.12.21"]
[EventType "swiss"]
[EventRounds "9"]
[EventCountry "NED"]
[SourceTitle "CBM 104 Extra"]
[Source "ChessBase"]
[SourceDate "2005.03.01"]
[SourceVersion "1"]
[SourceVersionDate "2005.03.01"]
[SourceQuality "1"]

1. e4 c5 2. Nf3 Nc6 3. Nc3 e5 4. Bc4 d6 5. d3 Be7 6. Nd2 Nf6 7. Nf1 O-O 8. Ne3 Nd7 9. O-O Nb6 10. Ncd5 Bg5 11. Nxb6 axb6 12. c3 Bxe3 13. Bxe3 Be6 14. Bxe6 fxe6 15. Qb3 d5 16. Rfd1 Kh8 17. a3 Rf7 18. Qc2 Rc8 19. Qe2 Rd7 20. Qg4 Qe7 21. Bg5 Qf7 22. Bh4 h6 23. Bg3 Kh7 24. b4 cxb4 25. axb4 b5 26. Rab1 Rcd8 27. Bh4 Rf8 28. Bg3 Rfd8 29. Bh4 Ra8 30. Bg3 Ra2 31. h3 Rc2 32. Rbc1 Rxc1 33. Rxc1 d4 34. cxd4 Rxd4 35. Rc5 Rxb4 36. Bxe5 Rb1+ 37. Kh2 b4 38. Bf4 b3 39. Be3 Nb4 40. Rb5 Nxd3 41. e5 b2 42. Bd4 Re1 43. Bxb2 Rh1+ 0-1

[Event "Groningen op-A"]
[Site "Groningen"]
[Date "2004.12.29"]
[Round "8"]
[White "De Jong, Migchiel"]
[Black "Zhigalko, Sergei"]
[Result "1/2-1/2"]
[WhiteElo "2319"]
[BlackElo "2478"]
[PlyCount "76"]
[EventDate "2004.12.21"]
[EventType "swiss"]
[EventRounds "9"]
[EventCountry "NED"]
[SourceTitle "CBM 104 Extra"]
[Source "ChessBase"]
[SourceDate "2005.03.01"]
[SourceVersion "1"]
[SourceVersionDate "2005.03.01"]
[SourceQuality "1"]

1. Nf3 d5 2. b3 Bg4 3. Bb2 Nd7 4. e3 Ngf6 5. Be2 e6 6. c4 Bd6 7. O-O c6 8. cxd5 exd5 9. d3 O-O 10. Nbd2 Re8 11. Nd4 Bxe2 12. Qxe2 a5 13. Nf5 Bc7 14. a3 Ne5 15. Nf3 Qd7 16. Ng3 Nfg4 17. Nd4 Nh6 18. b4 f5 19. f4 Ng6 20. Qd2 Bd6 21. h3 axb4 22. axb4 Rxa1 23. Rxa1 b6 24. Ra6 c5 25. bxc5 bxc5 26. Ndxf5 Nxf5 27. Nxf5 Bxf4 28. g4 Qb7 29. Ra2 Rxe3 30. Nxe3 d4 31. Qg2 Bxe3+ 32. Kh1 Qxg2+ 33. Kxg2 Nf4+ 34. Kf3 Nxd3 35. Ke4 Nf2+ 36. Kd5 d3 37. Bc3 g5 38. Kc4 Nxh3 1/2-1/2

[Event "Groningen op-A"]
[Site "Groningen"]
[Date "2004.12.29"]
[Round "8"]
[White "Zhigalko, Sergei"]
[Black "Hoeksema, Hendrik Pieter"]
[Result "1/2-1/2"]
[WhiteElo "2478"]
[BlackElo "2405"]
[PlyCount "41"]
[EventDate "2004.12.21"]
[EventType "swiss"]
[EventRounds "9"]
[EventCountry "NED"]
[SourceTitle "CBM 104 Extra"]
[Source "ChessBase"]
[SourceDate "2005.03.01"]
[SourceVersion "1"]
[SourceVersionDate "2005.03.01"]
[SourceQuality "1"]

1. e4 e6 2. d4 d5 3. e5 c5 4. c3 Nc6 5. Nf3 Bd7 6. Be2 Nge7 7. O-O Nf5 8. Na3 cxd4 9. cxd4 Qb6 10. Nc2 a5 11. g4 Nfe7 12. Bd3 Nb4 13. Nxb4 axb4 14. Qe2 Nc6 15. Be3 Be7 16. h4 b3 17. a3 h5 18. g5 g6 19. Rad1 O-O 20. Kh2 Rfc8 21. Rg1 1/2-1/2

[Event "BLR-ch 71st"]
[Site "Minsk"]
[Date "2005.03.05"]
[Round "2"]
[White "Zhigalko, Sergei"]
[Black "Azarov, Sergei Nikolaevich"]
[Result "1-0"]
[WhiteElo "2474"]
[BlackElo "2565"]
[PlyCount "109"]
[EventDate "2005.03.04"]
[EventType "tourn"]
[EventRounds "13"]
[EventCountry "BLR"]
[EventCategory "9"]
[SourceTitle "CBM 106"]
[Source "ChessBase"]
[SourceDate "2005.06.06"]
[SourceVersion "1"]
[SourceVersionDate "2005.06.06"]
[SourceQuality "1"]

1. e4 e5 2. Nf3 Nc6 3. Bb5 a6 4. Ba4 Nf6 5. O-O Be7 6. Re1 b5 7. Bb3 d6 8. c3 O-O 9. h3 Nb8 10. d4 Nbd7 11. Nbd2 Bb7 12. Bc2 Re8 13. Nf1 Bf8 14. Ng3 c5 15. d5 c4 16. Nf5 Qc7 17. Bg5 Reb8 18. Nd2 Ne8 19. Rf1 Bc8 20. Be3 a5 21. Kh1 Nc5 22. Ng3 Ba6 23. a3 Nf6 24. f4 Nfd7 25. Nf3 f6 26. Qd2 exf4 27. Bxf4 Ne5 28. Nd4 Bc8 29. Rae1 Bd7 30. Re3 Re8 31. Ngf5 Kh8 32. Ng3 Rab8 33. Re2 Qb7 34. Ngf5 b4 35. axb4 axb4 36. Ne3 bxc3 37. bxc3 Qa6 38. Nef5 Ned3 39. Ng3 Rb2 40. Qd1 Qa3 41. Bd2 Reb8 42. Ngf5 Na4 43. Re3 Qa2 44. Kh2 Nac5 45. Bc1 Nxc1 46. Qxc1 g6 47. Rg3 gxf5 48. exf5 Qa8 49. Ne6 Bxe6 50. fxe6 Bg7 51. Qf4 Qa7 52. Bf5 Qe7 53. Qh4 Bf8 54. Rf4 R2b7 55. Rfg4 1-0

[Event "BLR-ch 71st"]
[Site "Minsk"]
[Date "2005.03.06"]
[Round "3"]
[White "Kovalev, Andrei"]
[Black "Zhigalko, Sergei"]
[Result "1/2-1/2"]
[WhiteElo "2565"]
[BlackElo "2474"]
[PlyCount "128"]
[EventDate "2005.03.04"]
[EventType "tourn"]
[EventRounds "13"]
[EventCountry "BLR"]
[EventCategory "9"]
[SourceTitle "CBM 106"]
[Source "ChessBase"]
[SourceDate "2005.06.06"]
[SourceVersion "1"]
[SourceVersionDate "2005.06.06"]
[SourceQuality "1"]

1. e4 c5 2. Nf3 Nc6 3. Bb5 g6 4. O-O Bg7 5. c3 Nf6 6. Re1 O-O 7. h3 e5 8. d3 d6 9. Nbd2 Bd7 10. Nf1 a6 11. Ba4 b5 12. Bb3 Qb6 13. Bg5 Na5 14. Bc2 b4 15. Ne3 Be6 16. Qd2 Rab8 17. Ba4 c4 18. Bxf6 Bxf6 19. d4 Rfd8 20. d5 Bd7 21. Bxd7 Rxd7 22. Nc2 bxc3 23. bxc3 Rdb7 24. Nb4 Bd8 25. Rab1 Qa7 26. Rb2 Rb5 27. Reb1 Bb6 28. Qh6 f6 29. Nh2 Bc5 30. Ng4 Qe7 31. Qd2 h5 32. Ne3 Qa7 33. Nec2 Kg7 34. Rf1 Qf7 35. Rbb1 f5 36. exf5 Qxf5 37. Rbe1 R5b6 38. Kh1 g5 39. f3 Qf4 40. Qd1 Rf8 41. Re4 Qg3 42. Qc1 Rf4 43. Rxf4 gxf4 44. Qa3 Nb7 45. Qa4 Nd8 46. Nxa6 Bf2 47. Qxc4 Rb2 48. Nab4 Nf7 49. Qe2 Bb6 50. Qe1 Qxe1 51. Rxe1 h4 52. Na3 Bf2 53. Rf1 Nh6 54. Nc4 Nf5 55. Ra1 Re2 56. Nd3 Ba7 57. a4 e4 58. Nxf4 Ng3+ 59. Kh2 exf3 60. Nxe2 fxe2 61. Nd2 Be3 62. Nf3 Nf1+ 63. Kh1 Ng3+ 64. Kh2 Nf1+ 1/2-1/2

[Event "BLR-ch 71st"]
[Site "Minsk"]
[Date "2005.03.09"]
[Round "6"]
[White "Zhigalko, Sergei"]
[Black "Maiorov, Nikita"]
[Result "1/2-1/2"]
[WhiteElo "2474"]
[BlackElo "2457"]
[PlyCount "49"]
[EventDate "2005.03.04"]
[EventType "tourn"]
[EventRounds "13"]
[EventCountry "BLR"]
[EventCategory "9"]
[SourceTitle "CBM 106"]
[Source "ChessBase"]
[SourceDate "2005.06.06"]
[SourceVersion "1"]
[SourceVersionDate "2005.06.06"]
[SourceQuality "1"]

1. e4 e5 2. Nf3 Nc6 3. Bb5 a6 4. Ba4 Nf6 5. O-O Be7 6. Re1 b5 7. Bb3 d6 8. c3 O-O 9. h3 Nb8 10. d4 Nbd7 11. Nbd2 Bb7 12. Bc2 Re8 13. Nf1 Bf8 14. Ng3 g6 15. b3 c6 16. Bg5 Bg7 17. Qd2 Qc7 18. a4 Rac8 19. Bd3 Nf8 20. Rac1 Ne6 21. Be3 Nd7 22. Bf1 bxa4 23. bxa4 a5 24. Rb1 Rb8 25. Ng5 1/2-1/2

[Event "BLR-ch 71st"]
[Site "Minsk"]
[Date "2005.03.10"]
[Round "7"]
[White "Zhigalko, Andrey"]
[Black "Zhigalko, Sergei"]
[Result "1-0"]
[WhiteElo "2532"]
[BlackElo "2474"]
[PlyCount "41"]
[EventDate "2005.03.04"]
[EventType "tourn"]
[EventRounds "13"]
[EventCountry "BLR"]
[EventCategory "9"]
[SourceTitle "CBM 106"]
[Source "ChessBase"]
[SourceDate "2005.06.06"]
[SourceVersion "1"]
[SourceVersionDate "2005.06.06"]
[SourceQuality "1"]

1. c4 e6 2. Nc3 d5 3. d4 c6 4. e4 dxe4 5. Nxe4 Bb4+ 6. Bd2 Qxd4 7. Bxb4 Qxe4+ 8. Be2 Na6 9. Ba5 f6 10. Qd8+ Kf7 11. O-O-O e5 12. Bd3 Qg4 13. Nf3 b6 14. Bc3 Bb7 15. Qd6 Re8 16. Rhe1 c5 17. Bc2 Ne7 18. Qxe5 Qxc4 19. Ng5+ Kg8 20. Qxe7 Qf4+ 21. Kb1 1-0

[Event "BLR-ch 71st"]
[Site "Minsk"]
[Date "2005.03.11"]
[Round "8"]
[White "Zhigalko, Sergei"]
[Black "Lutsko, Igor"]
[Result "1/2-1/2"]
[WhiteElo "2474"]
[BlackElo "2527"]
[PlyCount "65"]
[EventDate "2005.03.04"]
[EventType "tourn"]
[EventRounds "13"]
[EventCountry "BLR"]
[EventCategory "9"]
[SourceTitle "CBM 106"]
[Source "ChessBase"]
[SourceDate "2005.06.06"]
[SourceVersion "1"]
[SourceVersionDate "2005.06.06"]
[SourceQuality "1"]

1. e4 c5 2. c3 d5 3. exd5 Qxd5 4. d4 Nf6 5. Nf3 Bg4 6. dxc5 Qxc5 7. Be3 Qc7 8. Na3 a6 9. h3 Bf5 10. Nc4 Nbd7 11. Qd4 Be4 12. O-O-O e6 13. Nb6 Nxb6 14. Qxb6 Qxb6 15. Bxb6 Bxf3 16. gxf3 Rc8 17. Rg1 g6 18. Bd4 Bg7 19. Bxf6 Bxf6 20. Rg4 Be7 21. Rgd4 Rc7 22. f4 Rf8 23. Bg2 Bc5 24. R4d2 Ke7 25. Kb1 Kf6 26. Be4 h6 27. a3 Rfc8 28. Ka2 h5 29. Kb3 Bf8 30. Rd7 b6 31. Bb7 Rxd7 32. Rxd7 Rc5 33. Bxa6 1/2-1/2

[Event "BLR-ch 71st"]
[Site "Minsk"]
[Date "2005.03.12"]
[Round "9"]
[White "Dydyshko, Viacheslav"]
[Black "Zhigalko, Sergei"]
[Result "1/2-1/2"]
[WhiteElo "2567"]
[BlackElo "2474"]
[PlyCount "104"]
[EventDate "2005.03.04"]
[EventType "tourn"]
[EventRounds "13"]
[EventCountry "BLR"]
[EventCategory "9"]
[SourceTitle "CBM 106"]
[Source "ChessBase"]
[SourceDate "2005.06.06"]
[SourceVersion "1"]
[SourceVersionDate "2005.06.06"]
[SourceQuality "1"]

1. d4 d5 2. c4 e6 3. Nc3 c6 4. e3 Bd6 5. Nf3 f5 6. Ne5 Nf6 7. Be2 O-O 8. O-O Nbd7 9. f4 Ne4 10. Nxe4 fxe4 11. Bd2 Nxe5 12. dxe5 Be7 13. Qc2 Bd7 14. b4 Kh8 15. Bc3 b6 16. Qd2 Qc7 17. Rfc1 Qb7 18. Bd4 Rfd8 19. Rab1 Bf8 20. a4 a6 21. c5 b5 22. Ra1 Kg8 23. Ra3 Qc7 24. Rca1 Rab8 25. axb5 axb5 26. Ra7 Rb7 27. R7a6 Be7 28. g3 Re8 29. Qa2 Reb8 30. Kf2 Be8 31. h4 Bd7 32. h5 Rf8 33. Rh1 Rbb8 34. Bg4 Kf7 35. Be2 Bc8 36. Ra5 Bb7 37. Ra1 Ra8 38. Qb1 Rxa5 39. Rxa5 Ra8 40. Rxa8 Bxa8 41. Bg4 Qd7 42. Bh3 Bb7 43. g4 Bc8 44. Qa1 Qb7 45. g5 g6 46. Bg4 Bf8 47. Qh1 Kg8 48. Kg3 Qa7 49. Qh3 Qf7 50. Qh4 Qa7 51. Qh1 Bg7 52. Qh3 Qf7 1/2-1/2

[Event "BLR-ch 71st"]
[Site "Minsk"]
[Date "2005.03.15"]
[Round "12"]
[White "Lomako, Pavel"]
[Black "Zhigalko, Sergei"]
[Result "1/2-1/2"]
[WhiteElo "2366"]
[BlackElo "2474"]
[PlyCount "54"]
[EventDate "2005.03.04"]
[EventType "tourn"]
[EventRounds "13"]
[EventCountry "BLR"]
[EventCategory "9"]
[SourceTitle "CBM 106"]
[Source "ChessBase"]
[SourceDate "2005.06.06"]
[SourceVersion "1"]
[SourceVersionDate "2005.06.06"]
[SourceQuality "1"]

1. Nf3 d5 2. d4 Nf6 3. e3 c6 4. c4 g6 5. Nc3 Bg7 6. cxd5 cxd5 7. Be2 O-O 8. O-O Nc6 9. Ne5 Bf5 10. Nxc6 bxc6 11. Bd2 h5 12. Rc1 Qd6 13. h3 Rab8 14. b3 Rfe8 15. Na4 Ne4 16. Nc5 Nxc5 17. dxc5 Qc7 18. Bc3 Bxc3 19. Rxc3 e5 20. Bd3 Qa5 21. Rc2 Bxd3 22. Qxd3 Rb5 23. Rfc1 Qb4 24. Qc3 a5 25. Kf1 f6 26. Qd3 Kf7 27. e4 Rd8 1/2-1/2

[Event "BLR-ch 71st"]
[Site "Minsk"]
[Date "2005.03.16"]
[Round "13"]
[White "Zhigalko, Sergei"]
[Black "Maljush, Andrej"]
[Result "1-0"]
[WhiteElo "2474"]
[BlackElo "2413"]
[PlyCount "99"]
[EventDate "2005.03.04"]
[EventType "tourn"]
[EventRounds "13"]
[EventCountry "BLR"]
[EventCategory "9"]
[SourceTitle "CBM 106"]
[Source "ChessBase"]
[SourceDate "2005.06.06"]
[SourceVersion "1"]
[SourceVersionDate "2005.06.06"]
[SourceQuality "1"]

1. e4 c5 2. Nc3 d6 3. g3 g6 4. Bg2 Bg7 5. d3 Nc6 6. f4 e6 7. Nf3 Nge7 8. O-O O-O 9. Be3 Nd4 10. e5 Nef5 11. Bf2 Nxf3+ 12. Qxf3 Nd4 13. Qd1 d5 14. Ne2 Nxe2+ 15. Qxe2 Qc7 16. d4 c4 17. c3 Bd7 18. g4 b5 19. Bg3 b4 20. f5 bxc3 21. bxc3 Qa5 22. Qe3 exf5 23. gxf5 Bxf5 24. Rxf5 gxf5 25. Bh3 Rab8 26. Bxf5 Rb6 27. Kh1 Kh8 28. Rg1 Qa6 29. Bf4 Rg8 30. Qf3 Bh6 31. Bg3 Qb7 32. a4 a5 33. Qh5 Rg5 34. Qh3 Qe7 35. Rf1 Rg7 36. Qh5 Bg5 37. Qf3 Qd8 38. e6 f6 39. Rg1 Rb3 40. Be1 Rb2 41. h4 Bh6 42. Rxg7 Kxg7 43. Qh5 Qc7 44. Bg3 Qb7 45. Qd1 Kg8 46. Bd6 Bf8 47. Qg1+ Qg7 48. e7 Bxe7 49. Be6+ Kh8 50. Bxe7 1-0

[Event "BLR-ch U20"]
[Site "Minsk"]
[Date "2005.04.09"]
[Round "2"]
[White "Khaiminov, Alexandr"]
[Black "Zhigalko, Sergei"]
[Result "0-1"]
[WhiteElo "2245"]
[BlackElo "2462"]
[PlyCount "44"]
[EventDate "2005.04.08"]
[EventType "tourn"]
[EventRounds "9"]
[EventCountry "BLR"]
[EventCategory "2"]
[SourceTitle "CBM 105 Extra"]
[Source "ChessBase"]
[SourceDate "2005.05.01"]
[SourceVersion "1"]
[SourceVersionDate "2005.05.01"]
[SourceQuality "1"]

1. e4 c5 2. Nf3 Nc6 3. Bb5 Nf6 4. Qe2 e5 5. d3 Qa5+ 6. Nc3 Nd4 7. Qd2 Nxb5 8. Nxb5 Qxb5 9. Nxe5 d6 10. Nf3 Be7 11. h3 O-O 12. g4 Re8 13. O-O h5 14. g5 Nh7 15. Kg2 c4 16. b3 cxd3 17. cxd3 d5 18. e5 d4 19. Qf4 Qxd3 20. Bb2 Qg6 21. h4 d3 22. Nd4 Bc5 0-1

[Event "BLR-ch U20"]
[Site "Minsk"]
[Date "2005.04.11"]
[Round "4"]
[White "Redko, Stepan"]
[Black "Zhigalko, Sergei"]
[Result "1-0"]
[WhiteElo "2150"]
[BlackElo "2462"]
[PlyCount "111"]
[EventDate "2005.04.08"]
[EventType "tourn"]
[EventRounds "9"]
[EventCountry "BLR"]
[EventCategory "2"]
[SourceTitle "CBM 105 Extra"]
[Source "ChessBase"]
[SourceDate "2005.05.01"]
[SourceVersion "1"]
[SourceVersionDate "2005.05.01"]
[SourceQuality "1"]

1. d4 Nf6 2. c4 e6 3. Nf3 b6 4. g3 Ba6 5. b3 Bb4+ 6. Bd2 Be7 7. Bg2 c6 8. Bc3 d5 9. Ne5 Nfd7 10. Nxd7 Nxd7 11. Nd2 O-O 12. O-O b5 13. Re1 Rc8 14. e4 dxc4 15. bxc4 bxc4 16. Qa4 Bb5 17. Qc2 Nf6 18. a4 Ba6 19. Rad1 Rb8 20. Bf1 Bb4 21. Bxc4 Qa5 22. Nb3 Qxa4 23. Ra1 Ba3 24. Rxa3 Qxc4 25. Nc5 Bb5 26. e5 Nd5 27. Nd7 a5 28. Rc1 a4 29. Qd2 Nxc3 30. Qxc3 Qd5 31. Nxf8 Rxf8 32. Qc5 Rd8 33. Qxd5 Rxd5 34. Rd1 f6 35. Raa1 Kf7 36. f4 f5 37. Kf2 Ke7 38. Ke3 h6 39. h3 Rd7 40. g4 fxg4 41. hxg4 Ra7 42. Ra3 Bc4 43. Rda1 Bb5 44. f5 Rd7 45. Ke4 Rd5 46. Rxa4 Bxa4 47. Rxa4 exf5+ 48. gxf5 Rd7 49. Rc4 Rc7 50. Kf4 Rd7 51. Ke3 Rc7 52. d5 Kd7 53. dxc6+ Rxc6 54. e6+ Kd6 55. e7 Rxc4 56. e8=Q 1-0

[Event "BLR-ch U20"]
[Site "Minsk"]
[Date "2005.04.12"]
[Round "5"]
[White "Zhigalko, Sergei"]
[Black "Glyzin, Yury"]
[Result "1-0"]
[WhiteElo "2462"]
[BlackElo "2211"]
[PlyCount "109"]
[EventDate "2005.04.08"]
[EventType "tourn"]
[EventRounds "9"]
[EventCountry "BLR"]
[EventCategory "2"]
[SourceTitle "CBM 105 Extra"]
[Source "ChessBase"]
[SourceDate "2005.05.01"]
[SourceVersion "1"]
[SourceVersionDate "2005.05.01"]
[SourceQuality "1"]

1. e4 e5 2. Nf3 Nc6 3. d4 exd4 4. Nxd4 Bc5 5. Nxc6 Qf6 6. Qd2 bxc6 7. Bd3 Ne7 8. O-O O-O 9. Nc3 Ng6 10. Kh1 Bb4 11. Nd5 cxd5 12. Qxb4 dxe4 13. Bxe4 c6 14. Be3 Ba6 15. Rfe1 d5 16. Bxg6 Qxg6 17. Qa5 Bb7 18. Bc5 Rfe8 19. Qc7 Ba6 20. c3 Be2 21. Bxa7 Qc2 22. Bd4 Qd2 23. Qg3 g6 24. f3 Re6 25. b4 f6 26. a4 Rae8 27. a5 Qb2 28. Qf2 Qb3 29. Reb1 Qc4 30. a6 c5 31. a7 cxd4 32. a8=Q dxc3 33. Qa2 c2 34. Rc1 Rc6 35. b5 Rcc8 36. b6 Bd1 37. Qxc4 dxc4 38. Rxd1 cxd1=Q+ 39. Rxd1 c3 40. Qc2 Re7 41. h3 Rb7 42. Qb3+ Kg7 43. Rc1 Rc6 44. Rxc3 Rcxb6 45. Qd5 Rb5 46. Qd6 Rf7 47. Rc8 Rbb7 48. Kh2 Ra7 49. h4 Rab7 50. Kh3 Rb3 51. Re8 Rbb7 52. Qd8 Kh6 53. g4 g5 54. hxg5+ fxg5 55. Re6+ 1-0